000 00297nam a22001337a 4500
008 170322b xxu||||| |||| 00| 0 eng d
020 _a9789996012563
041 _aeng
080 _23RD
_a616.12-008-073
100 _a7
101 _aSHM
245 _aECGs MADE EASY
_cAEHLERT, B
942 _2udc
_cBK
999 _c8321
_d8321